Journal of the Indian Institute of Architects. (Record no. 23057)
[ view plain ]
| 000 -LEADER | |
|---|---|
| fixed length control field | 01524nam a22004097a 4500 |
| 001 - CONTROL NUMBER | |
| control field | 11143106 |
| 005 - DATE AND TIME OF LATEST TRANSACTION | |
| control field | 20030816082346.0 |
| 008 - FIXED-LENGTH DATA ELEMENTS--GENERAL INFORMATION | |
| fixed length control field | 751101c19349999ii mxzp 0 a0eng |
| 010 ## - LIBRARY OF CONGRESS CONTROL NUMBER | |
| LC control number | 47037454 |
| 022 ## - INTERNATIONAL STANDARD SERIAL NUMBER | |
| International Standard Serial Number | 0019-4913 |
| 035 ## - SYSTEM CONTROL NUMBER | |
| System control number | (OCoLC)ocm01752884 |
| 040 ## - CATALOGING SOURCE | |
| Original cataloging agency | DLC |
| Transcribing agency | MnMULS |
| Modifying agency | NIC |
| -- | AIP |
| -- | DLC |
| -- | NST |
| -- | NSDP |
| -- | OCoLC |
| -- | DLC |
| 042 ## - AUTHENTICATION CODE | |
| Authentication code | lc |
| -- | nsdp |
| 043 ## - GEOGRAPHIC AREA CODE | |
| Geographic area code | a-ii--- |
| 050 ## - LIBRARY OF CONGRESS CALL NUMBER | |
| Classification number | NA1 |
| Item number | .I48 |
| 082 ## - DEWEY DECIMAL CLASSIFICATION NUMBER | |
| Classification number | 720.6254 |
| 210 ## - ABBREVIATED TITLE | |
| Abbreviated title | J. Indian Inst. Archit. |
| 222 ## - KEY TITLE | |
| Key title | Journal of the Indian Institute of Architects |
| 245 ## - TITLE STATEMENT | |
| Title | Journal of the Indian Institute of Architects. |
| 260 ## - PUBLICATION, DISTRIBUTION, ETC. (IMPRINT) | |
| Place of publication, distribution, etc | Mumbai |
| Name of publisher, distributor, etc | Indian Institute of Architects. |
| 300 ## - PHYSICAL DESCRIPTION | |
| Extent | v. : |
| Other physical details | ill. (incl. ports.) diagrs. ; |
| Dimensions | 28 cm. |
| 310 ## - CURRENT PUBLICATION FREQUENCY | |
| Current publication frequency | Monthly (Irregular), |
| Date of current publication frequency | <Jan. 1998- > |
| 321 ## - FORMER PUBLICATION FREQUENCY | |
| Former publication frequency | Monthly |
| 362 ## - DATES OF PUBLICATION AND/OR SEQUENTIAL DESIGNATION | |
| Dates of publication and/or sequential designation | Began with: Vol. 1 in Apr. 1934. |
| 500 ## - GENERAL NOTE | |
| General note | Description based on: Vol. 4l, no. 4 (Oct./Dec. 1975); title from cover. |
| 500 ## - GENERAL NOTE | |
| General note | Latest issue consulted: Vol. 66, issue 11 (Dec. 2001). |
| 515 ## - NUMBERING PECULIARITIES NOTE | |
| Numbering peculiarities note | Some numbers are issued in combined form. |
| 590 ## - LOCAL NOTE (RLIN) | |
| Local note | SERBIB/SERLOC merged record |
| 650 ## - SUBJECT ADDED ENTRY--TOPICAL TERM | |
| Topical term or geographic name as entry element | Architecture |
| Form subdivision | Periodicals. |
| 650 ## - SUBJECT ADDED ENTRY--TOPICAL TERM | |
| Topical term or geographic name as entry element | Architecture |
| Geographic subdivision | India. |
| 710 ## - ADDED ENTRY--CORPORATE NAME | |
| Corporate name or jurisdiction name as entry element | Indian Institute of Architects. |
| 906 ## - LOCAL DATA ELEMENT F, LDF (RLIN) | |
| a | 7 |
| b | cbc |
| c | serials |
| d | u |
| e | ncip |
| f | 19 |
| g | n-oclcserc |
| 942 ## - ADDED ENTRY ELEMENTS (KOHA) | |
| Source of classification or shelving scheme | Dewey Decimal Classification |
| Item type | Periodicals |
| Classification part | 720.6254 |
| Call number suffix | JOU |
| Serial record | 1 |
| Withdrawn status | Lost status | Source of classification or shelving scheme | Damaged status | Not for loan | Collection code | Home library | Current library | Date acquired | Total Checkouts | Full call number | Date last seen | Price effective from | Koha item type |
|---|---|---|---|---|---|---|---|---|---|---|---|---|---|
| Dewey Decimal Classification | Not For Loan | Non-fiction | D.B.Act.Division | D.B.Act.Division | 05/02/2009 | 720.6254 JOU | 05/02/2009 | 05/02/2009 | Periodicals |
